01000nam a22002771a 450000100060000000300080000600500170001400800410003102000220007203500140009404000320010804100080014004200080014808200270015610000270018324501300021025000120034026000540035230000320040650000200043865000310045865000480048994200120053799900170054995201560056677316BD-RjUL20211209082946.0200312s2001 ilua 001 0 eng d a0793146003 (pbk.) a(BD-RjUL) aDLCcDLCdDLCdBD-RjULbeng aeng apcc00a658.4012221bPIA 20011 aPinson, Linda.924084310aAnatomy of a business plan :ba step-by-step guide to building a business and securing your company's future /cLinda Pinson. a5th ed. aChicago, IL :bDearborn Trade Publishing,cc2001. ax, 278 p. :bill. ;c28 cm. aIncludes index. 0aBusiness planning.9240844 0aNew business enterprisesxPlanning.9240845 2ddccBK c77316d77316 00102ddc4071aRUCLbRUCLcReadingd2020-03-02eAmerican Center Library, Dhakag21.95l0o658.4012 PIA 2001r2020-03-12 00:00:00tC-1w2020-03-12yBK